00353nam a22001217a 4500003000400000020001800004082001800022100002400040245004700064260007500111300001000186650003500196SGT a9780323417044 a617.525bP16A a Antonia Kolokythas aPediatric Oral and Maxillofacial Pathology aPhiladelphia, United StatesbElsevier - Health Sciences Divisionc2016 a1-144 aOral and Maxillofacial Surgery